| 000 | 00937cab a22002535a 4500 | ||
|---|---|---|---|
| 001 | L160023 | ||
| 008 | 150113e2016 xxk 000 0 eng d | ||
| 035 | _a(Sirsi) u160023 | ||
| 041 | 0 | _aeng | |
| 050 | _a627.4 | ||
| 100 | 1 | _aCoutts, Richard | |
| 245 | 0 | 0 |
_aRise of the new _h[electronic resource] |
| 260 |
_aLondon _bRICS _c2016 |
||
| 490 |
_aRICS Building Surveying Journal _vMay 2016 - June 2016, 20-21(2) |
||
| 520 | _aThe UK's first amphibious house is leading the way in flood-resistant design. | ||
| 650 | 2 | 4 | _aFLOODING |
| 650 | 2 | 4 | _aFLOATING STRUCTURES |
| 650 | 2 | 4 | _aDISPLACEMENT |
| 651 | 4 |
_aUnited Kingdom _y |
|
| 690 |
_aInsurance _96249 |
||
| 856 | 4 | 0 |
_uhttps://www.rics.org/Global/BSJ-BCJ%20May-June%202016%20Interactive.pdf _zView the article free of charge at www.rics.org... |
| 856 | 4 | 0 |
_uhttps://www.rics.org/Global/BSJ-BCJ%20May-June%202016%20Interactive.pdf _yAvailable free online via Issuu |
| 942 |
_n0 _2ddc |
||
| 999 |
_c85138 _d85138 |
||